Prueba de durabilidad de 5 especies maderables al ataque de organismos marinos
Uloženo v:
| Hlavní autor: | |
|---|---|
| Další autoři: | |
| Médium: | Kniha |
| Jazyk: | Spanish |
| Vydáno: |
[San José, Costa Rica] : Universidad de Costa Rica, Facultad de Ingeniería, Instituto de Investigaciones en Ingeniería, Laboratorio de Productos Forestales
2008
|
| Tagy: |
Přidat tag
Žádné tagy, Buďte první, kdo vytvoří štítek k tomuto záznamu!
|
MARC
| LEADER | 00000nam a2200000Ia 4500 | ||
|---|---|---|---|
| 003 | PI0168 | ||
| 005 | 20240516084752.0 | ||
| 008 | 140114s2008 cr a 000 ||spa d | ||
| 040 | |c cru CEDI | ||
| 100 | |a Govaere Vicarioli, Georges, 1972- |9 123 | ||
| 245 | |a Prueba de durabilidad de 5 especies maderables al ataque de organismos marinos | ||
| 260 | |a [San José, Costa Rica] : Universidad de Costa Rica, Facultad de Ingeniería, Instituto de Investigaciones en Ingeniería, Laboratorio de Productos Forestales |c 2008 | ||
| 500 | |a Informe final proyecto de investigación No. 731-A5-089 | ||
| 700 | |9 1706 |a Cruz Meléndez, Luis Alberto, 1952- | ||
| 942 | |c PI |h PI-168 |i PI0168 |6 PI_168_PI0168 | ||
| 999 | |c 12880 |d 12880 | ||
